[Event "Arber op 8th"]
[Site "Bodenmais"]
[Date "2019.08.01"]
[Round "6"]
[White "Heiduk, Christoph"]
[Black "Titz, Heimo"]
[Result "1-0"]
[WhiteElo "1870"]
[BlackElo "2048"]
[PlyCount "65"]
[EventDate "2019.07.27"]
[EventType "swiss"]
[EventRounds "9"]
[EventCountry "GER"]
[SourceTitle "CBM 191 Extra"]
[Source "ChessBase"]
[SourceDate "2019.09.30"]
[SourceVersion "1"]
[SourceVersionDate "2019.09.30"]
[SourceQuality "1"]

1. d4 Nf6 2. c4 e6 3. Nc3 Bb4 4. f3 c5 5. d5 exd5 6. cxd5 d6 7. e4 Nbd7 8. Nge2 0-0 9. Ng3 Re8 10. Be2 a6 11. a4 Rb8 12. 0-0 b5 13. axb5 Bxc3 14. bxc3 axb5 15. Qb3 c4 16. Qb4 Qb6+ 17. Kh1 Nxd5 18. exd5 Re5 19. Bf4 Rxd5 20. Rad1 Nf6 21. Bxd6 Rb7 22. Ne4 Nxe4 23. fxe4 Rxd1 24. Rxd1 Rd7 25. Qc5 Qa6 26. Qe5 h6 27. Qe8+ Kh7 28. e5 Ra7 29. Bf3 Bb7 30. Qxf7 Bxf3 31. Qf5+ Kg8 32. Qxf3 Rf7 33. Qd5 1-0

[Event "Niederbayern-ch"]
[Site "Ortenburg"]
[Date "2019.04.26"]
[Round "4"]
[White "Heiduk, Christoph"]
[Black "Bartsch, Ruediger"]
[Result "1-0"]
[WhiteElo "1823"]
[BlackElo "1702"]
[PlyCount "41"]
[EventDate "2019.04.25"]
[EventType "swiss"]
[EventRounds "7"]
[EventCountry "GER"]
[SourceTitle "EXT 2023"]
[Source "ChessBase"]
[SourceDate "2022.10.05"]
[SourceVersion "1"]
[SourceVersionDate "2022.10.05"]
[SourceQuality "1"]

1. d4 b6 2. c4 Bb7 3. Nc3 e6 4. e4 Bb4 5. d5 Nf6 6. Bd3 exd5 7. cxd5 Ba6 8. Nge2 c6 9. 0-0 cxd5 10. e5 Bxc3 11. Nxc3 Ne4 12. Nxd5 Bxd3 13. Qxd3 Nc5 14. Qg3 Ne6 15. f4 g6 16. Nf6+ Kf8 17. f5 Ng7 18. Bh6 a5 19. Nh5 Rg8 20. Nxg7 Rxg7 21. f6 1-0

[Event "Regionalliga Sued-Ost 1819"]
[Site "Bayern"]
[Date "2019.01.20"]
[Round "5.8"]
[White "Heiduk, Christoph"]
[Black "Hartmann, Martin"]
[Result "1-0"]
[WhiteElo "1855"]
[BlackElo "1700"]
[PlyCount "73"]
[EventDate "2018.10.21"]
[EventType "team-tourn"]
[EventRounds "9"]
[EventCountry "GER"]
[SourceTitle "EXT 2022"]
[Source "ChessBase"]
[SourceDate "2021.10.06"]
[SourceVersion "1"]
[SourceVersionDate "2021.10.06"]
[SourceQuality "1"]
[WhiteTeam "Bayerwald Regen/Zwiesel"]
[BlackTeam "Grafenau"]
[WhiteTeamCountry "GER"]
[BlackTeamCountry "GER"]

1. d4 d5 2. c4 c6 3. Nf3 Nf6 4. cxd5 cxd5 5. Nc3 e6 6. Bf4 Bd6 7. Bxd6 Qxd6 8. e3 0-0 9. Bd3 a6 10. Ne5 Nc6 11. f4 b5 12. 0-0 Bb7 13. Rc1 Rac8 14. Qf3 Ne7 15. g4 Nd7 16. Nxd7 Qxd7 17. f5 e5 18. dxe5 d4 19. Ne4 Nd5 20. Nd6 Rxc1 21. Rxc1 Nb4 22. Be4 Nd3 23. Rd1 Nxe5 24. Qf4 Qxd6 25. Rxd4 Qc5 26. Bxb7 Qc1+ 27. Kf2 Qxb2+ 28. Kg3 f6 29. g5 Qe2 30. Bd5+ Kh8 31. g6 Qe1+ 32. Kh3 h6 33. Be6 Qe2 34. Rd6 a5 35. Ra6 a4 36. Ra7 Nf3 37. Qxh6+ 1-0

[Event "Regionalliga SO 1415"]
[Site "Bayern"]
[Date "2015.02.22"]
[Round "7.4"]
[White "Heiduk, Christoph"]
[Black "Westenthanner, Paul"]
[Result "0-1"]
[WhiteElo "1893"]
[BlackElo "1931"]
[PlyCount "72"]
[EventDate "2014.10.19"]
[EventType "team-tourn"]
[EventRounds "9"]
[EventCountry "GER"]
[SourceTitle "EXT 2018"]
[Source "ChessBase"]
[SourceDate "2017.10.13"]
[SourceVersion "1"]
[SourceVersionDate "2017.10.13"]
[SourceQuality "1"]
[WhiteTeam "Bayerwald Regen/Zwiesel"]
[BlackTeam "Landshut"]
[WhiteTeamCountry "GER"]
[BlackTeamCountry "GER"]

1. d4 Nf6 2. c4 e6 3. Nc3 d5 4. cxd5 exd5 5. Bg5 Be7 6. e3 0-0 7. Bd3 c6 8. Nge2 Nbd7 9. Qc2 Re8 10. h3 h6 11. Bf4 a6 12. g4 c5 13. g5 hxg5 14. Bxg5 c4 15. Bf5 Nf8 16. Nf4 Bb4 17. 0-0-0 Bxc3 18. bxc3 Bxf5 19. Qxf5 N8h7 20. Rhg1 Qc8 21. Qc2 Kf8 22. h4 Qd7 23. Rg2 Re4 24. f3 Nxg5 25. hxg5 Rxf4 26. exf4 Ng8 27. Rh1 Re8 28. Rh8 Re1+ 29. Kb2 Qb5+ 30. Ka3 Qa5+ 31. Kb2 Qb6+ 32. Ka3 Rb1 33. Qxb1 Qxb1 34. Rb2 Qc1 35. Rhh2 Qxc3+ 36. Ka4 b5+ 0-1

[Event "Regionalliga SO 1415"]
[Site "Bayern"]
[Date "2014.10.19"]
[Round "1.5"]
[White "Deues, Erik"]
[Black "Heiduk, Christoph"]
[Result "1-0"]
[WhiteElo "2056"]
[BlackElo "1893"]
[PlyCount "71"]
[EventDate "2014.10.19"]
[EventType "team-tourn"]
[EventRounds "9"]
[EventCountry "GER"]
[SourceTitle "EXT 2018"]
[Source "ChessBase"]
[SourceDate "2017.10.13"]
[SourceVersion "1"]
[SourceVersionDate "2017.10.13"]
[SourceQuality "1"]
[WhiteTeam "Germering"]
[BlackTeam "Bayerwald Regen/Zwiesel"]
[WhiteTeamCountry "GER"]
[BlackTeamCountry "GER"]

1. d4 Nf6 2. c4 e6 3. Nc3 Bb4 4. e3 0-0 5. Bd3 d5 6. Nf3 b6 7. 0-0 Bb7 8. cxd5 exd5 9. Ne5 c5 10. a3 Bxc3 11. bxc3 Nc6 12. Nxc6 Bxc6 13. a4 Qd7 14. a5 Rfe8 15. dxc5 bxc5 16. Ba3 d4 17. cxd4 Qd5 18. f3 cxd4 19. e4 Qxa5 20. Bb2 Qb4 21. Ba3 Qb6 22. Qd2 a6 23. Rfc1 Red8 24. Be7 Rd7 25. Bxf6 gxf6 26. Rab1 Bb5 27. Qh6 Qd8 28. Rxb5 axb5 29. e5 f5 30. Bxf5 f6 31. exf6 Ra6 32. Bxd7 Rxf6 33. Qg5+ Kf7 34. Qd5+ Ke7 35. Re1+ Kf8 36. Re8+ 1-0

[Event "Niederbayernliga 1314"]
[Site "Bayern"]
[Date "2013.??.??"]
[Round "2"]
[White "Heiduk, Christoph"]
[Black "Viertlboeck, Johann"]
[Result "1-0"]
[WhiteElo "1865"]
[BlackElo "1575"]
[PlyCount "97"]
[EventDate "2013.10.13"]
[EventType "team-tourn"]
[EventRounds "9"]
[EventCountry "GER"]
[SourceTitle "EXT 2023"]
[Source "ChessBase"]
[SourceDate "2022.10.05"]
[SourceVersion "1"]
[SourceVersionDate "2022.10.05"]
[SourceQuality "1"]
[WhiteTeam "Bayerwald Regen/Zwiesel"]
[BlackTeam "Aidenbach"]
[WhiteTeamCountry "GER"]
[BlackTeamCountry "GER"]

1. d4 d5 2. c4 c6 3. Nc3 dxc4 4. a4 Nf6 5. Nf3 Bf5 6. e3 Nbd7 7. Bxc4 Nb6 8. Be2 e6 9. 0-0 Be7 10. Qb3 Rb8 11. Ne5 0-0 12. Rd1 Bg6 13. Nxg6 hxg6 14. e4 Qe8 15. Bf4 Rd8 16. a5 Nbd7 17. Bc7 Nh5 18. Bxd8 Bxd8 19. Qxb7 Nf4 20. Bf1 c5 21. g3 Nh5 22. Bb5 cxd4 23. Bxd7 Qe7 24. Rxd4 Qf6 25. Rad1 Bxa5 26. Qxa7 e5 27. Rd5 Bb6 28. Qxb6 Qxb6 29. Rb5 Qc7 30. Bg4 Nf6 31. Bf3 Rd8 32. Rxd8+ Qxd8 33. Nd5 Nxd5 34. Rxd5 Qe7 35. b3 f6 36. Be2 Kh7 37. Bc4 Qb4 38. Kg2 Qe1 39. f3 Qb1 40. Rd8 Qb2+ 41. Kh3 Qf2 42. Rd3 Qf1+ 43. Kg4 Qg2 44. h3 Qc2 45. Rd8 f5+ 46. Kg5 Qc1+ 47. f4 exf4 48. Bg8+ Kh8 49. Bf7+ 1-0